Science Quiz

Random Science or Geology Quiz
Score 0/12 Timer 01:00
2 Plays Today
% Correct
Gold
95.6%
Silver
93.7%
Opal
89.1%
Bronze
88.9%
Steel
87.9%
Brass
87.7%
Ruby
86.7%
Amethyst
86.7%
Garnet
86.7%
Platinum
80%
Diamond
79.9%
Sapphire
76.2%
Remove Ads.
Support Sporcle.
Get the best of Sporcle when you Go Orange. This ad-free experience offers more features, more stats, and more fun while also helping to support Sporcle. Thank you for becoming a member.

You're not logged in!

Compare scores with friends on all Sporcle quizzes.
OR
Log In

Sporcle TV

Today on Sporcle TV


Watch our educational content, quiz creation guides, and fun videos on Sporcle TV.

Show Comments

Extras

Top Quizzes Today


Score Distribution

Paid Content

Your Account Isn't Verified!

In order to create a playlist on Sporcle, you need to verify the email address you used during registration. Go to your Sporcle Settings to finish the process.

Report this User

Report this user for behavior that violates our Community Guidelines.

Details: